LeBron...or Jordan? - Statistics

General Stats
  • This quiz has been taken 50 times
  • The average score is 12 of 15
Answer Stats
Question Answer % Correct
Had a failed baseball career Michael
100%
Is taller and better looking LeBron
98%
Has won more Championships Michael
96%
Has more rebounds, assists and blockes per game LeBron
93%
Has been robbed of MVP 3 times LeBron
93%
Went directly from high school to the NBA LeBron
91%
Played on the same team as Shaq LeBron
91%
Has his own line of Nike shoes Both
82%
Scored 69 points in a single NBA game Michael
76%
Was drafted with the first overall pick LeBron
73%
Is a better free throw shooter Michael
69%
Has a higher field goal percentage LeBron
64%
Has more 40+ point game in the NBA Finals LeBron
62%
His father played professional baseball Michael
53%
Won the NBA dunk contest LeBron
9%
No matching quizzes found
Score Distribution
Percent of People with Each Score
Percentile by Number Answered
Your Score History
You have not taken this quiz